Darrang Udalguri : (Record no. 8980)

MARC details
000 -LEADER
fixed length control field 00545cam a2200193ua 4500
008 - FIXED-LENGTH DATA ELEMENTS--GENERAL INFORMATION
fixed length control field 170228n ii |||gr||||Z||||||mul
020 ## - INTERNATIONAL STANDARD BOOK NUMBER
International Standard Book Number 9788192178622
040 ## - CATALOGING SOURCE
Transcribing agency MAIN
041 ## - LANGUAGE CODE
-- mul
082 ## - DEWEY DECIMAL CLASSIFICATION NUMBER
Classification number 891.451
100 ## - MAIN ENTRY--PERSONAL NAME
Personal name Nath, Phanindra Kumar,
Relator term
245 ## - TITLE STATEMENT
Title Darrang Udalguri :
Remainder of title aitijya aru sanskriti /
Statement of responsibility, etc. Edited by Phanindra Kumar Nath and Dimbeswar Baruah .
260 ## - PUBLICATION, DISTRIBUTION, ETC.
Place of publication, distribution, etc. Guwahati:
Name of publisher, distributor, etc. ACTA,
Date of publication, distribution, etc. 2016.
300 ## - PHYSICAL DESCRIPTION
Extent 384p.
700 ## - ADDED ENTRY--PERSONAL NAME
Personal name Baruah, Dimbeswar,
Relator term
942 ## - ADDED ENTRY ELEMENTS (KOHA)
Koha item type Books
653 ## - INDEX TERM--UNCONTROLLED
Uncontrolled term Multilingual articles
Holdings
Withdrawn status Lost status Damaged status Not for loan Home library Current library Shelving location Date acquired Total Checkouts Full call number Barcode Date last seen Copy number Price effective from Koha item type
        Central Library, Naharkatiya College Central Library, Naharkatiya College General Stacks 19/09/2020   891.451 | DAR 23600 19/09/2020 1 19/09/2020 Books

Naharkatiya College © 2020. All rights reserved.

Powered By